000 00987nam a2200313 i 4500
001 bg
100 1 _aAngehrn, Emil
_d(1946- ).
245 1 0 _aFilozofia dziejów /
_cEmil Angehrn ; przeł. Józef Marzęcki.
246 1 _iTyt. oryg.:
_aGeschichtsphilosophie
260 _aKęty :
_bWydawnictwo Marek Derewiecki,
_c2007.
300 _a195 s. ;
_c21 cm.
490 1 _aFundamenta : studia z historii filozofii ;
_aDaimonion
_vt. 55
490 1 _aDaimonion
504 _aBibliogr. s. 179-185 i wskazówki bibliogr. przy rozdz. Indeksy.
650 9 _aHistoriozofia
700 1 _aMarzęcki, Józef.
_eTł.
830 0 _aFundamenta - Antyk
_vt. 55
830 _aDaimonion
015 _aPB 26227/2007
020 _a9788389637376
040 _cBPK
041 1 _apol
_hger
044 _aPOL
080 _a930.1
920 _a978-83-89637-37-6
942 _cKS
008 071126s2007 pl |001 0 pol
999 _c55285
_d55285
856 _uhttp://koha.tu.koszalin.pl/cgi-bin/koha/opac-detail.pl?biblionumber=55285
_yKatalog online BPK